| 000 -LEADER |
| fixed length control field |
00606nam a22001697a 4500 |
| 020 ## - INTERNATIONAL STANDARD BOOK NUMBER |
| ISBN |
9786214510412 |
| 082 ## - DEWEY DECIMAL CLASSIFICATION NUMBER |
| Classification number |
809.8927 |
| Item number |
Es742 2024 |
| 100 ## - MAIN ENTRY--AUTHOR NAME |
| Personal name |
Escalada-Cordova, Monique, author. |
| 245 ## - TITLE STATEMENT |
| Title |
Survey of Afro-Asian literature / Monique Escalada-Cordova, DALC, Baby Jane Uytico, M.Ed. |
| 260 ## - PUBLICATION, DISTRIBUTION, ETC. (IMPRINT) |
| Place of publication |
Quezon City : |
| Name of publisher |
Lorimar Publishing, Inc., |
| Year of publication |
©2024. |
| 300 ## - PHYSICAL DESCRIPTION |
| Number of Pages |
xiv, 74 pages ; |
| Other physical details |
26 cm. |
| 500 ## - GENERAL NOTE |
| General note |
Includes bibliographical references. |
| 650 ## - SUBJECT ADDED ENTRY--TOPICAL TERM |
| Topical Term |
African literature -- Study and teaching. |
| 650 ## - SUBJECT ADDED ENTRY--TOPICAL TERM |
| Topical Term |
Asian literature -- Study and teaching. |
| 700 ## - ADDED ENTRY--PERSONAL NAME |
| Personal name |
Uytico, Baby Jane. |
| 942 ## - ADDED ENTRY ELEMENTS (KOHA) |
| Koha item type |
Books |